| 000 | 00708nam a2200241Ia 4500 | ||
|---|---|---|---|
| 003 | OSt | ||
| 005 | 20220923223635.0 | ||
| 006 | a|||||r|||| 00| 0 | ||
| 007 | ta | ||
| 008 | Pun | ||
| 024 | _a219,308 | ||
| 037 | _cTextual | ||
| 040 |
_aARTS _cARTS _bPun |
||
| 041 |
_2Pun _aPun |
||
| 082 | _aO153,1J39x, K9;N4 | ||
| 100 | _aਸਿੰਘ, ਗੁਰਦੇਵ, ਥਦ. | ||
| 245 | 0 | _aਕਲਾਮ Fਾਹ ਹੂਸੈਨ | |
| 260 |
_aਲੁਧਿਆਨਾ _b ਲਾਹੈਰ ਬੁਕ Fਾਪ _c1994 |
||
| 300 |
_a142 _ccm. |
||
| 650 | _aਪੰਜਾਬੀ ਸਾਹਿਤ | ||
| 942 |
_hO153,1J39x, K9;N4 _cTEXL _2CC |
||
| 999 |
_c366588 _d366588 |
||